Victorian education and the ideal of womanhood /

Bibliographic Details
Main Author: Burstyn, Joan N.
Format: Book
Language:English
Published: London : Totowa, N.J. : Croom Helm ; Barnes & Noble, 1980.
Subjects:

MARC

Tag First Indicator Second Indicator Subfields
LEADER 00000cam a2200000 a 4500
001 in00000092030
005 20151008064127.0
008 820804s1980 enkaf b 00110 eng
010 |a  81143587  
015 |a GB*** 
019 |a 8686362 
020 |z 0389201032 (Barnes & Noble) 
035 |a (OCoLC)07285258 
035 |9 AAK3584AM 
039 0 |a 2  |b 3  |c 3  |d 3  |e 3 
040 |a DLC  |c DLC  |d TXA  |d UtOrBLW 
043 |a e-uk--- 
049 |a TXAM  |c [1503321] 
050 0 0 |a LC2042  |b  B9 
082 0 |a 376/.941  |2 19 
100 1 |a Burstyn, Joan N. 
245 1 0 |a Victorian education and the ideal of womanhood /  |c Joan N. Burstyn. 
264 1 |a London :  |b Croom Helm ;  |a Totowa, N.J. :  |b Barnes & Noble,  |c  1980. 
300 |a 185 pages, 8 unnumbered pages of plates :  |b illustrations ;  |c 22 cm. 
336 |a text  |b txt  |2 rdacontent 
337 |a unmediated  |b n  |2 rdamedia 
338 |a volume  |b nc  |2 rdacarrier 
500 |a Includes index. 
504 |a Bibliography: pages 173-180. 
650 0 |a Women  |x Education  |z Great Britain  |x History  |y 19th century. 
999 |a MARS 
999 f f |s d1d39824-2a85-3c99-a02f-9ba75fe0f9a5  |i 16522c35-8289-328b-b45b-246ee7618e3c  |t 0 
952 f f |p normal  |a Texas A&M University  |b College Station  |c Sterling C. Evans Library  |d Evans: Library Stacks  |t 0  |e LC2042 B9  |h Library of Congress classification  |i unmediated -- volume  |m A14806163756 
998 f f |a LC2042 B9  |t 0  |l Evans: Library Stacks